| 000 | 01230cam a22002174a 4500 | ||
|---|---|---|---|
| 005 | 20250605164152.0 | ||
| 008 | 250528s ||||||||||||||||||||||||d | ||
| 035 | _a19410 | ||
| 020 | _a9608249066 | ||
| 040 |
_aGR-AtMCL _bgre _dGR-AtMCL _eAACR2 |
||
| 245 | 1 | _aΔΗΜΟΣΙΕΣ ΣΧΕΣΕΙΣ | |
| 250 | _a2 | ||
| 260 |
_bΓ. Μπενου, _c2001 |
||
| 300 | _a282 | ||
| 505 | 0 | _aΟΡΙΣΜΟΣ, ΙΣΤΟΡΙΚΗ ΕΞΕΛΙΞΗ & ΣΤΟΧΟΙ ΔΗΜΟΣΙΩΝ ΣΧΕΣΕΩΝ ΥΠΟΚΕΙΜΕΝΑ ΚΑΙ ΑΝΤΙΚΕΙΜΕΝΑ ΤΩΝ ΔΣ ΔΙΑΚΡΙΣΗ ΤΩΝ ΔΣ ΑΠΟ ΤΙΣ ΑΛΛΕΣ ΜΟΡΦΕΣ ΕΠΙΚΟΙΝΩΝΙΑΣ ΟΡΓΑΝΩΣΗ ΤΗΣ ΛΕΙΤΟΥΡΓΙΑΣ ΤΩΝ ΔΣ ΣΧΕΔΙΑΣΜΟΣ ΚΑΙ ΥΛΟΠΟΙΗΣΗ | |
| 520 | _aΟΡΙΣΜΟΣ, ΙΣΤΟΡΙΚΗ ΕΞΕΛΙΞΗ & ΣΤΟΧΟΙ ΔΗΜΟΣΙΩΝ ΣΧΕΣΕΩΝ ΥΠΟΚΕΙΜΕΝΑ ΚΑΙ ΑΝΤΙΚΕΙΜΕΝΑ ΤΩΝ ΔΣ ΔΙΑΚΡΙΣΗ ΤΩΝ ΔΣ ΑΠΟ ΤΙΣ ΑΛΛΕΣ ΜΟΡΦΕΣ ΕΠΙΚΟΙΝΩΝΙΑΣ ΟΡΓΑΝΩΣΗ ΤΗΣ ΛΕΙΤΟΥΡΓΙΑΣ ΤΩΝ ΔΣ ΣΧΕΔΙΑΣΜΟΣ ΚΑΙ ΥΛΟΠΟΙΗΣΗ | ||
| 700 | 1 |
_aΠαπαλεξανδρη Νανσυ Α _95656 |
|
| 942 | _cBK | ||
| 999 |
_c4666 _d4666 |
||